000 00632nam a2200241Ia 4500
003 OSt
005 20221005071357.0
006 a|||||r|||| 00| 0
007 ta
008 221004b |||||||| |||| 00| 0 eng d
024 _a34912
037 _cTextual
040 _aCRL
_cCRL
_beng
041 _2eng
_aeng
082 _aZ2,7,4194, N0
100 _aSarkar J Sarma
_9606390
245 0 _aCommissions of inquiry
_b Practice and principle
260 _aNew Delhi
_bAshish
_c1990
300 _a105p
_ccm.
650 _aLAW
942 _hZ2,7,4194, N0
_cTEXL
_2cc
999 _c977723
_d977723